000
00244nam a2200097Ia 4500
001
1229070
005
20250827093054.0
008
250824s9999 xx 000 0 und d
245
0
_a
SEÇME ÖYKÜLER
_c
ÖMER SEYFETTİN
260
_b
ALTIN KİTAPLAR
999
_c
1229070
_d
1229070